000 01146nam a2200373 a 4500
001 vtls000121158
003 NLI
005 20210601204816.0
008 101125s1982 it 000 0 eng
020 _a925101194X
039 9 _y201011251322
_zVLOAD
040 _aNLI
_beng
_cVTLS
_eAACR2
041 0 _aeng
044 _ait
082 0 4 _a639.2
110 1 _aFood and Agriculture Organization of the United Nations.
_941215
245 1 0 _aMarket for frozen small pelagic fish /
_cby E. Matton
260 _aRome :
_bFAO,
_c1982
300 _avii, 131 p. :
_btable ;
_c28 cm.
440 0 _aFAO fisheries technical paper ;
_vno. 221
504 _aIncludes bibliographical references: p. 130-131
650 0 _aFisheries
_957315
650 0 _aFishery management
650 0 _aFishery policy
_9243289
650 0 _aPelagic fish
_xMarketing
_9247936
650 0 _aFishery products
_xMarketing
_962599
700 1 _aMatton, E.,
_4con
_9247937
887 _a
901 _a18091
_b30.09.1982
902 _aUN639.2F686(Ser.221)
906 _aFOD289
949 _AVIRTUAITEM
_D10002
_X100
_6FOD000018091ENG
942 _2ddc
_cBKS
999 _aVIRTUA00
_c125478
_d125478